Indigenous archival activism: Mohican interventions in public history and memory (Record no. 1309039)

MARC details
000 -LEADER
fixed length control field 01204nam a2200217 4500
005 - DATE AND TIME OF LATEST TRANSACTION
control field 20250416115911.0
008 - FIXED-LENGTH DATA ELEMENTS--GENERAL INFORMATION
fixed length control field 250416b |||||||| |||| 00| 0 eng d
020 ## - INTERNATIONAL STANDARD BOOK NUMBER
International Standard Book Number 9781517912710
037 ## - SOURCE OF ACQUISITION
Terms of availability Textual
040 ## - CATALOGING SOURCE
Original cataloging agency RTL
Transcribing agency RTL
084 ## - COLON CLASSIFICATION NUMBER
Classification number Y7v.P R4
Assigning agency RTL
100 ## - MAIN ENTRY--PERSONAL NAME
Personal name Miron, rose
9 (RLIN) 752332
245 ## - TITLE STATEMENT
Title Indigenous archival activism: Mohican interventions in public history and memory
260 ## - PUBLICATION, DISTRIBUTION, ETC.
Place of publication, distribution, etc. Minneapolis
Name of publisher, distributor, etc. University of Minnerrsota press
Date of publication, distribution, etc. 2024
300 ## - PHYSICAL DESCRIPTION
Extent xiii, 282 p. ill.
Other physical details Includes bibliographical reference and index
520 ## - SUMMARY, ETC.
Summary, etc. Tracing one tribe's fifty-year fight to recover and rewrite its history, Indigenous Archival Activism takes readers into the heart of debates over who owns and has the right to tell Native American history and stories. Rose Miron tells the story of the Stockbridge-Munsee Mohican Nation and its Historical Committee, showing how their work is exemplary of how tribal archives can strategically shift how Native history is accessed, represented, written, and, most important, controlled.
650 ## - SUBJECT ADDED ENTRY--TOPICAL TERM
Topical term or geographic name entry element Ethnic Studies
9 (RLIN) 751637
650 ## - SUBJECT ADDED ENTRY--TOPICAL TERM
Topical term or geographic name entry element History 20th Century
9 (RLIN) 752333
650 ## - SUBJECT ADDED ENTRY--TOPICAL TERM
Topical term or geographic name entry element American Studies
9 (RLIN) 752334
942 ## - ADDED ENTRY ELEMENTS (KOHA)
Source of classification or shelving scheme Colon Classification (CC)
Suppress in OPAC No
Koha item type Textbook
Classification part Y7v.P R4
Holdings
Withdrawn status Lost status Source of classification or shelving scheme Damaged status Not for loan Home library Current library Date acquired Total Checkouts Full call number Barcode Date last seen Price effective from Koha item type
    Colon Classification (CC)     Ratan Tata Library Ratan Tata Library 2025-04-16   Y7v.P R4 RT1528429 2025-04-16 2025-04-16 Textbook
Copyright @ Delhi University Library System